00518nam a2200169 i 450000100060000000300090000600500170001500700030003200800410003504000200007610000350009624500650013126000830019630000210027965000240030085200240032454465ES-MaACL20250805062604.0t|960725s1895 fr ||||1| fre d aCAM bspa cCAM1 aFouillée, Alfred,d1838-191214aLes études récentes de sociologie / cpar A. Fouillée. aParis : bV. Giard & E. Briere, c1895 (eBeaugeney : fJ. Laffray, imprimeur) a14 p. ; c25 cm. 7aSociología2embne aES-MaACLjT-747-F-7